000 01131nam a2200313 c 4500
999 _c18422
_d18422
003 BLK
005 20220228143129.0
008 180413b bul|||||r ||||||| ||bul||
010 _aKNG00020473000
020 _a954-9631-01-Х
040 _aBLK
041 _aBUL
_cBUL
072 7 _2bullib
_aРА
_xРусенски автори
072 7 _2bullib
_aК
_xКраезнание
080 _aБългарска литература
_b821.163.2
_x-1
_z821.163.2-1
100 1 _aЯнева-Медникарова, Дора Стоянова
_eпърви автор
_9365173
139 _aЯнева-Медникарова, Дора Стоянова
_bЯ 54
245 1 0 _aПалитра
_bСтихотворения
_cДора Стоянова Янева-Медникарова.
257 _aBGR
260 _bЗахарина Йоргова
_c1997
300 _a32 с.
_c21 см
380 _aX
659 _aК
852 _aЦб 197952
852 _aК 821.163.2/Я 54 Д
856 4 _qpdf
_u
856 4 _qpdf
_u
942 _cKNG
_n0
_s1
944 _aCR
_c15.01.2003
_kГеновева_Генчева
944 _aED
_c05.06.2006
999 _d18422